Tous les Pokémon de type eau - Statistiques

Statistiques générales
  • Ce quiz a été pris 9 fois
  • Le résultat moyen est 107 sur 160
Statistiques - réponses
Hint Réponse % Correct
Eau Aligatueur
100%
Eau Carabaffe
100%
Eau Carapuce
100%
Eau Kaiminus
100%
Eau Kyogre
100%
Eau Suicune
100%
Eau Tortank
100%
Eau Akwakwak
83%
Eau/Ténèbres Amphinobi
83%
Eau Aquali
83%
Eau/Sol Axoloto
83%
Eau/Fée Azumarill
83%
Eau Barpau
83%
Eau/Sol Batracné
83%
Eau/Vol Bekipan
83%
Eau Clamiral
83%
Eau/Ténèbres* Clamiral de Hisui
83%
Eau/Sol Crapustule
83%
Eau Croâporal
83%
Eau/Glace Crustabri
83%
Eau/Sol Flobio
83%
Eau Gobou
83%
Eau/Vol Goélise
83%
Eau Grenousse
83%
Eau/Sol Laggron
83%
Eau/Glace Lamantine
83%
Eau/Vol Léviator
83%
Eau/Glace Lokhlass
83%
Eau/Plante Lombre
83%
Eau/Plante Ludicolo
83%
Eau Magicarpe
83%
Eau/Sol Maraiste
83%
Eau/Fée Marill
83%
Eau Mateloutre
83%
Eau Milobellus
83%
Eau/Electrik! Motisma (forme lavage)
83%
Eau Moustillon
83%
Eau/Spectre Moyade
83%
Eau/Plante Nénupiot
83%
Eau/Fée Oratoria
83%
Eau Otaria
83%
Eau Otarlette
83%
Eau/Acier Pingoléon
83%
Eau Poissirène
83%
Eau Poissoroy
83%
Eau Psykokwak
83%
Eau Ptitard
83%
Eau/Dragon Serpente-Eau
83%
Eau Stari
83%
Eau/Psy Staross
83%
Eau/Combat Tartard
83%
Eau Tétarte
83%
Eau Tiplouf
83%
Eau Tritonde
83%
Eau Wailmer
83%
Eau Wailord
83%
Eau/Insecte Arakdo
67%
Eau Arrozard
67%
Eau/Sol Barbicha
67%
Eau/Sol Barloche
67%
Eau/Ténèbres Carvanha
67%
Eau Coiffeton
67%
Eau/Ténèbres Colhomard
67%
Eau Coquiperl
67%
Eau/Vol Couaneton
67%
Eau Crocrodil
67%
Eau/Psy Délestin
67%
Eau/Psy Denticrisse
67%
Eau Ecayon
67%
Eau Ecrapince
67%
Eau/Psy Flagadoss
67%
Eau Flotajou
67%
Eau Flotoutan
67%
Eau/Roche Golgopathe
67%
Eau Hastacuda
67%
Eau/Dragon Hydragon
67%
Eau Hypocéan
67%
Eau/Dragon Hyporoi
67%
Eau Hypotrempe
67%
Eau Kokiyas
67%
Eau Krabbos
67%
Eau Krabby
67%
Eau/Vol Lakmécygne
67%
Eau/Electrik Lanturn
67%
Eau Lézargus
67%
Eau Lovdisc
67%
Eau Luminéon
67%
Eau Mamanbo
67%
Eau Mustébouée
67%
Eau Mustéfllott
67%
Eau Octillery
67%
Eau/Roche Opermine
67%
Eau Otaquin
67%
Eau/Dragon Palkia
67%
Eau/Combat Palmaval
67%
Eau/Poison Prédastérie
67%
Eau Prinplouf
67%
Eau/Poison Qwilfish
67%
Eau/Psy Ramoloss
67%
Eau Rémoraid
67%
Eau/Psy Roigada
67%
Eau Rosabyss
67%
Eau Sancoki
67%
Eau Serpang
67%
Eau/Ténèbres Sharpedo
67%
Eau Tarpaud
67%
Eau Taupikeau
67%
Eau/Poison Tentacool
67%
Eau/Poison Tentacruel
67%
Eau/Roche Torgamord
67%
Eau Triopikeau
67%
Eau/Sol Tritosor
67%
Eau/Spectre Viskuse
67%
Eau/Feu Volcanion
67%
Eau/Poison Vorastérie
67%
Eau/Roche Amonistar
50%
Eau/Roche Amonita
50%
Eau/Insecte Araqua
50%
Eau/Vol Babimanta
50%
Eau Bargantua
50%
Eau Canarbello
50%
Eau/Roche Carapagos
50%
Eau Concombaffe
50%
Eau/Vol Démanta
50%
Eau Dofin
50%
Eau Embrochet
50%
Eau Flingouste
50%
Eau Froussardine
50%
Eau Gamblast
50%
Eau/Glace Hydragla
50%
Eau/Roche Kabuto
50%
Eau/Roche Kabutops
50%
Eau/Glace Kaimorse
50%
Eau Khélocrok
50%
Eau Larméléon
50%
Eau/Electrik Loupio
50%
Eau! Morphéo (forme eau de pluie)
50%
Eau/Dragon Nigirigon
50%
Eau/Glace Obalie
50%
Eau Oyacata
50%
Eau/Spectre Paragruel
50%
Eau/Glace Phogleur
50%
Eau/Roche Relicanth
50%
Eau/Insecte Sarmuraï
50%
Eau/Insecte Sovkipou
50%
Eau Superdofin
50%
Eau/Insecte Tarenbulle
50%
Eau/Fée Tokopisco
50%
Eau/Poison Venalgue
50%
Eau/Normal Castorno
33%
Eau/Roche Corayon
33%
Eau Manaphy
33%
Eau/Roche Mégapagos
33%
Eau/Vol Nigosier
33%
Eau Phione
33%
Eau/Combat Shifours (forme Mille poings)
33%
Eau/Glace Hotte-de-Fer
17%
Eau/Combat Keldeo
17%
Eau/Plante! Ogerpon (masque du puits)
17%
Eau/Combat* Tauros de Paldea (forme aquatique)
17%
Aucun quiz correspondant
Distribution des résultats
% des personnes avec chaque résultat
Percentile par nombre de réponses
Votre historique - résultats
Vous n’avez pas pris ce quiz